| 000 | 01250nam a22002777a 4500 | ||
|---|---|---|---|
| 999 |
_c21023 _d21023 |
||
| 003 | AR-CdUCM | ||
| 008 | 190305b ||||| |||| 00| 0 spa d | ||
| 040 |
_aMUNICIPALIDAD PROVINCIAL DEL CUSCO _cBIBLIOTECA MUNICIPAL DEL CUSCO |
||
| 082 |
_a370 / _bB65 |
||
| 100 |
_aBlumenfeld, Walter _910381 |
||
| 245 | _aEstudios Pedagógicos / | ||
| 260 |
_aLima : _bInstituto de Psicopedagogía de la Facultad de Educación, _c1958-1960. |
||
| 300 |
_a8 volumenes ; _bcuadros ; _c24.5 cm. |
||
| 500 | _aDonación de la familia Nieto. | ||
| 505 | _aContenido: v.4: Tests colectivos de inteligencia verbal -- v.5: Didáctica experimental, reflexiones e investigaciones n°1 -- v.6: Estudios experimentales sobre el razonamiento -- v.8: Investigaciones sobre tests de inteligencia y ciertos aspectos de ella. | ||
| 650 |
_aCaracteres - Educación _910382 |
||
| 650 |
_aCaracterísticas - Educación _910383 |
||
| 650 |
_aEstudios psicopedagógicos _910384 |
||
| 650 |
_aEducación _9460 |
||
| 650 |
_aPedagogía _91560 |
||
| 700 |
_aTapia Mendieta, Maria Violeta (v.6-v.4) _943813 |
||
| 700 |
_aNieto Collado, Olga (v.8) _943814 |
||
| 710 |
_aInstituto de Psicopedagogía de la Facultad de Educación _910386 |
||
| 942 |
_2ddc _cLIBROS |
||
| 945 | _azta | ||